| 000 | 00383nam a22001457a 4500 | ||
|---|---|---|---|
| 005 | 20260311154039.0 | ||
| 020 | _a978-1-266-15081-4 | ||
| 082 | _a578.77CAS/M | ||
| 100 |
_aCastro, Peter and Huber, Michael _911656 |
||
| 245 |
_aMarine Biology/ _cby Peter Castro and Michael Huber |
||
| 250 | _a12 | ||
| 260 |
_a.-NewYork _b:McGraw Hill _c,2024 |
||
| 300 | _a479p. | ||
| 942 |
_2ddc _cBK |
||
| 999 |
_c757516 _d757516 |
||